Vilain / Alter-égo (MARVEL) - Statistiques

Statistiques générales
  • Ce quiz a été pris 108 fois
  • Le résultat moyen est 11 sur 21
Statistiques - réponses
Vilain Alter-Ego % Correct
Norman Osborn Le Bouffon Vert
99%
Otto Octavius Docteur Octopus
86%
Victor Von Fatalis Docteur Fatalis
77%
Eddie Brock Venom
77%
Curtis Connors Le Lézard
69%
Quentin Beck Mysterio
64%
Helmut Zemo Baron Zemo
59%
Maxwell "Max" Dillon Electro
59%
N'Jadaka Killmonger
57%
Eric Lensherr Magneto
49%
Cletus Kassady Carnage
47%
Emil Blonsky L'Abomination
44%
Adrian Toomes Le Vautour
44%
Obadiah Stane Iron Monger
43%
Johann Schmidt Crâne Rouge
40%
Aleksei Sytsevich Rhino
38%
Darren Cross Yellowjacket
34%
Brock Rumlow Crossbones
27%
Clain Marko Le Fléau
17%
William Becker L'Homme Sable
12%
Mortimer Toynbee Le Crapaud
9%
Aucun quiz correspondant
Distribution des résultats
% des personnes avec chaque résultat
Percentile par nombre de réponses
Votre historique - résultats
Vous n’avez pas pris ce quiz